Cartilla para el manejo y aprovechamiento de la palma de chambira (Astrocaryum chambira) (Registro nro. 7702)

Detalles MARC
000 -CABECERA
Campo de control 01030nam a22002897a 4500
005 - FECHA Y HORA DE LA ULTIMA TRANSACCION
Campo de control 20131030142552.0
008 - ELEMENTOS DE LONGITUD FIJA—INFORMACION GENERAL
Campo de control 131030b2013 ck il | |||| 00| 0 spa d
020 ## - ISBN
ISBN 9789587615401
041 ## - IDIOMA
Código de idioma para texto/pista de sonido o título separado Español
044 ## - PAÍS DE PUBLICACIÓN
País de publicación Colombia
082 ## - NUMERO DE CLASIFICACION DECIMAL DEWEY
Número de clasificación 584.5
Número del ítem C21c4
245 ## - MENCION DE TITULO
Título Cartilla para el manejo y aprovechamiento de la palma de chambira (Astrocaryum chambira)
Mención de responsabilidad Nestor García ...[et al].
260 ## - PUBLICACION, DISTRIBUCION, ETC. (PIE DE IMPRENTA)
Lugar de publicación, distribución, etc. Bogotá
Nombre del editor, distribuidor, etc. Universidad Nacional de Colombia. Facultad de Ciencias, Instituto de Ciencias Naturales
Fecha de publicación, distribución, etc. 2013
300 ## - DESCRIPCION FISICA
Extensión 44 p.
Otros detalles físicos il.
Dimensiones 21 cm.
650 ## - ASIENTO SECUNDARIO DE MATERIA - TERMINO TEMATICO
Término temático o nombre geográfico como elemento de entrada Palmas
650 ## - ASIENTO SECUNDARIO DE MATERIA - TERMINO TEMATICO
Término temático o nombre geográfico como elemento de entrada Arecaceae
650 ## - ASIENTO SECUNDARIO DE MATERIA - TERMINO TEMATICO
Término temático o nombre geográfico como elemento de entrada Palma de cumare
Subdivisión general uso
Subdivisión geográfica Amazonas (Región)
-- Colombia
650 ## - ASIENTO SECUNDARIO DE MATERIA - TERMINO TEMATICO
Término temático o nombre geográfico como elemento de entrada Artesanías
Subdivisión geográfica Amazonas (Región)
-- Colombia
650 ## - ASIENTO SECUNDARIO DE MATERIA - TERMINO TEMATICO
Término temático o nombre geográfico como elemento de entrada Fibras vegetales
700 ## - ASIENTO SECUNDARIO - NOMBRE PERSONAL
Nombre personal García, Nestor
Fechas asociadas con el nombre 1976 -
700 ## - ASIENTO SECUNDARIO - NOMBRE PERSONAL
Nombre personal Galeano, Gloria
700 ## - ASIENTO SECUNDARIO - NOMBRE PERSONAL
Nombre personal Bernal, Rodrigo
700 ## - ASIENTO SECUNDARIO - NOMBRE PERSONAL
Nombre personal Nacimiento, Armando
700 ## - ASIENTO SECUNDARIO - NOMBRE PERSONAL
Nombre personal Noriega, Hernando
700 ## - ASIENTO SECUNDARIO - NOMBRE PERSONAL
Nombre personal Ángel, Victoria
942 ## - ELEMENTOS ADICIONALES (KOHA)
Sistema de clasificación Dewey Decimal Classification
Tipo de ítem Impreso
Existencias
Withdrawn status Lost status Sistema de Clasificación Damaged status No para préstamo Colección Inventariado Ubicación Permanente Ubicación actual Fecha de adquisición Fuente de Valor Valor Total Checkouts Número topográfico Inventario / Código de Barras Date last seen Ejemplar Price effective from Tipo de material Forma de adquisición
    Dewey Decimal Classification     Hemeroteca Inventariado 2017 Bogotá Bogotá 30/10/2013 Instituto 39000.00   FG-0406 059182 30/10/2013 Ej. 1 30/10/2013 Libro  
    Dewey Decimal Classification     Hemeroteca   Bogotá Bogotá 29/01/2020       FG-0406 043296 29/01/2020 Ej. 2 29/01/2020 Libro Donación